Código aeronáutico de la nación Argentina : leyes complementarias /

Guardado en:
Formato: Libro
Idioma:Undetermined
Publicado: Ciudad Autónoma de Buenos Aires : Del País, 2015.
Edición:6a. ed. 4a. reimp.
Materias:
Etiquetas: Agregar Etiqueta
Sin Etiquetas, Sea el primero en etiquetar este registro!
LEADER 00500nam a22001455a 4500
001 DER.der015276
008 250821s2015####xx############000#0#und#d
005 20250821150537.0
245 1 0 |a Código aeronáutico de la nación Argentina :  |b leyes complementarias /  |c Argentina. 
250 |a 6a. ed. 4a. reimp. 
260 |a Ciudad Autónoma de Buenos Aires :  |b Del País,  |c 2015. 
300 |a 336 p. 
240 1 0 |a Argentina. Códigos 
650 7 |a DERECHO DE LA NAVEGACION 
859 |a DERECHO  |b BIB. DERECHO  |h 343.096  |i ARG  |p 0010639